|
|
|
|
| LEADER |
03099nam a22004695i 4500 |
| 001 |
978-88-470-5462-2 |
| 003 |
DE-He213 |
| 005 |
20151204172043.0 |
| 007 |
cr nn 008mamaa |
| 008 |
140313s2014 it | s |||| 0|ita d |
| 020 |
|
|
|a 9788847054622
|9 978-88-470-5462-2
|
| 024 |
7 |
|
|a 10.1007/978-88-470-5462-2
|2 doi
|
| 040 |
|
|
|d GrThAP
|
| 050 |
|
4 |
|a RD792-811
|
| 072 |
|
7 |
|a MQV
|2 bicssc
|
| 072 |
|
7 |
|a MED073000
|2 bisacsh
|
| 082 |
0 |
4 |
|a 617.03
|2 23
|
| 100 |
1 |
|
|a Borelli, Giulia.
|e author.
|
| 245 |
1 |
0 |
|a La fisioterapia nella paralisi cerebrale infantile
|h [electronic resource] :
|b La funzione cammino /
|c by Giulia Borelli, Rita Neviani, Alice Sghedoni, Antonella Ovi.
|
| 264 |
|
1 |
|a Milano :
|b Springer Milan :
|b Imprint: Springer,
|c 2014.
|
| 300 |
|
|
|a XII, 182 pagg.
|b online resource.
|
| 336 |
|
|
|a text
|b txt
|2 rdacontent
|
| 337 |
|
|
|a computer
|b c
|2 rdamedia
|
| 338 |
|
|
|a online resource
|b cr
|2 rdacarrier
|
| 347 |
|
|
|a text file
|b PDF
|2 rda
|
| 505 |
0 |
|
|a Introduzione -- Aspetti generali della funzione cammino: Lo sviluppo della funzione cammino. Neurofisiologia della funzione cammino. Cinesiologia del cammino tra normalità e patologia -- La valutazione della funzione cammino -- Ausili e ortesi per il cammino -- Il trattamento fisioterapico nel bambino con PCI -- Bibliografia.
|
| 520 |
|
|
|a Questo volume riassume i principali elementi relativi alla funzione cammino nel bambino sano (sviluppo della funzione, meccanismi neurofisiologici e aspetti biomeccanici), prerequisiti fondamentali per poter comprendere i disturbi del cammino nel bambino affetto da paralisi cerebrale infantile (PCI). Vengono trattati i segni clinici tipici manifestati nel cammino dai bambini con PCI, la modalità per valutarli e interpretarli al fine di comprendere l’inquadramento diagnostico e prognostico relativo alla funzione in esame. Successivamente, vengono presentati gli ausili e le ortesi, e la loro possibile funzione all’interno del progetto riabilitativo. Il volume si conclude con una sezione di casi clinici, che descrive il processo di costruzione della seduta fisioterapica e le modalità di svolgimento attraverso esempi concreti di setting, esercizi terapeutici e proposte di compiti finalizzati. Il testo, rivolto principalmente ai fisioterapisti e ai terapisti della neuro-psicomotricità dell’età evolutiva e agli allievi delle lauree di I e II livello dell’area della riabilitazione, potrà destare interesse anche in altri professionisti come i tecnici ortopedici e i terapisti occupazionali.
|
| 650 |
|
0 |
|a Medicine.
|
| 650 |
|
0 |
|a Rehabilitation.
|
| 650 |
|
0 |
|a Physiotherapy.
|
| 650 |
1 |
4 |
|a Medicine & Public Health.
|
| 650 |
2 |
4 |
|a Rehabilitation.
|
| 650 |
2 |
4 |
|a Physiotherapy.
|
| 700 |
1 |
|
|a Neviani, Rita.
|e author.
|
| 700 |
1 |
|
|a Sghedoni, Alice.
|e author.
|
| 700 |
1 |
|
|a Ovi, Antonella.
|e author.
|
| 710 |
2 |
|
|a SpringerLink (Online service)
|
| 773 |
0 |
|
|t Springer eBooks
|
| 776 |
0 |
8 |
|i Printed edition:
|z 9788847054615
|
| 856 |
4 |
0 |
|u http://dx.doi.org/10.1007/978-88-470-5462-2
|z Full Text via HEAL-Link
|
| 912 |
|
|
|a ZDB-2-SME
|
| 950 |
|
|
|a Medicine (Springer-11650)
|